000 02184nam a2200565 c 4500
001 52046
003 ES-MaCES
005 20250526142703.0
007 cr |||||||||||
008 211221s2021 sp 000 ||spa d
017 _aNA 1388-2021
_bDL
020 _a9788413902463
020 _a9788413902487 (electrónico)
040 _aES-MaCES
_bspa
_cES-MaCES
245 0 0 _aInstrumentos jurídicos para la lucha contra la despoblación rural
_cDiana Santiago Iglesias, Luis Míguez Macho, Antonio Javier Ferreira Fernández, dir., ; Alice de Nuccio, Beatriz Agra Costa, coord.
250 _a1ª ed
260 _aCizur Menor (Navarra)
_bAranzadi-Thomson Reuters
_c2021
300 _a518 p.
_c24 cm
490 1 _aEstudios
500 _a Publicación en formato DÚO (papel + libro ectrónico). Disponible en formato electrónico mediante la aplicación PROVIEW
504 _aBibliografía
541 _cCompra
650 4 _azona rural
_928605
650 4 _apoblación rural
_928609
650 4 _aenvejecimiento de la población
_930614
650 4 _amigración rural
_928639
650 4 _aevaluación del impacto
_930732
650 4 _adesigualdad regional
_929372
650 4 _adesigualdad rural-urbana
_929762
650 4 _aplanificación regional
_927023
650 4 _adesarrollo rural
_928607
650 4 _adesarrollo sostenible
_930785
650 4 _adesarrollo económico y social
_929234
650 4 _ateletrabajo
_929568
650 4 _aEspaña
_926964
650 4 _aItalia
_926952
650 4 _aPortugal
_926960
650 4 _ainvestigación interdisciplinaria
_928841
650 4 _arégimen jurídico
_929894
653 1 0 _aDesarrollo regional
700 1 _939449
_aSantiago Iglesias, Diana
_edir.
700 1 _918597
_aMíguez Macho, Luis
_edir.
700 1 _912047
_aFerreira Fernández, Javier
_edir.
700 1 _940119
_aNuccio, Alice de
_ecoord.
700 1 _940120
_aAgra Costa, Beatriz
_ecoord.
830 0 _aEstudios (Thomson Reuters-Aranzadi)
_934937
856 4 _uhttps://legalteca.aranzadilaley.es/my-library?sponsor=82111144-IP
_yLegalteca
902 _aLIB Libro
942 _2CES
_cBK
_h1.1.
999 _c52046
_d52046